DC-Figuren (Sudden Death) - Statistiken

Allgemein
  • Dieses Quiz wurde 119 mal gespielt
  • Das Durchschnittsergebnis liegt bei 8 aus 14
Answers on the Grid
Answers color-coded by a green-red scale on the quiz's grid according to % correct below.
Aquaman
Ares
Bane
Baron Zemo
Batman
Black Panther
Black Widow
Captain America
Catwoman
Doctor Doom
Flash
Frozone
Galactus
Green Arrow
Guardians of the Galaxy
Harley Quinn
Hela
Hulk
Iron-Man
Joker
Lexx Luthor
Loki
Magneto
Red Skull
Spider-Man
Supergirl
Superman
Thanos
Thor
Venom
Wonderwoman
X-Men
Zod
 
Antwortstatistiken
Antwort % Korrekt
Joker
72%
Batman
67%
Flash
67%
Wonderwoman
67%
Harley Quinn
66%
Catwoman
65%
Bane
62%
Superman
62%
Aquaman
61%
Lexx Luthor
61%
Supergirl
60%
Green Arrow
54%
Zod
44%
Ares
37%
Keine übereinstimmenden Quizze gefunden
Verteilung der Resultate
Anzahl Personen mit jedem Resultat
Perzentil nach korrekt beantworteten Fragen
Ihre Resultats-Entwicklung
Sie haben dieses Quiz noch nicht gespielt